Operačný systém MIKROS

Na minha lista:
Detalhes bibliográficos
Main Authors: Šafařík, Jiří, 1952- (Author), Šimončič, Robert (Author)
Formato: Livro
Idioma:eslovaco
Publicado em: Bratislava : SVŠT v Bratislave, 1988
Edição:1.vyd.
Tags: Adicionar Tag
Sem tags, seja o primeiro a adicionar uma tag!

MARC

LEADER 00000nam a22000003a 4500
001 stu5904
005 20150617225704.7
008 940516s1988----cs------------------slo-d
040 |a STU  |b slo 
041 0 |a slo 
044 |a cs 
080 |a 681.32.066 
080 |a MIKROS  |7 stu_us_auth*stu6965 
100 1 |a Šafařík, Jiří,  |d 1952-  |4 aut  |u E220  |U FEI Fakulta elektrotechniky a informatiky  |T FEI Katedra informatiky a výpočtovej techniky  |X 44427  |U E220  |Y 69  |7 44427 
245 1 |a Operačný systém MIKROS 
250 |a 1.vyd. 
260 |a Bratislava :  |b SVŠT v Bratislave,  |c 1988 
300 |a 145 s 
700 1 |a Šimončič, Robert  |4 aut 
996 |b E66184  |c E*66184  |l EE01  |s A  |a 24  |w stu5904_0001 
996 |b 10028  |c I* 10028  |l II680  |s A  |a 24  |w stu5904_0002